Thirty-Fourth report of the appointment committee on his excellency the president's nominations for appointments as ministers and regional ministers (Record no. 5084)

MARC details
000 -LEADER
fixed length control field 00845nam a22001697a 4500
003 - CONTROL NUMBER IDENTIFIER
control field OSt
005 - DATE AND TIME OF LATEST TRANSACTION
control field 20250211104010.0
008 - FIXED-LENGTH DATA ELEMENTS--GENERAL INFORMATION
fixed length control field 250207b |||||||| |||| 00| 0 eng d
041 ## - LANGUAGE CODE
Language code of text/sound track or separate title English
082 ## - DEWEY DECIMAL CLASSIFICATION NUMBER
Classification number CR/MRM/24 Acc No. 10,847
110 ## - MAIN ENTRY--CORPORATE NAME
Corporate name or jurisdiction name as entry element Appointment Committee
245 ## - TITLE STATEMENT
Title Thirty-Fourth report of the appointment committee on his excellency the president's nominations for appointments as ministers and regional ministers
260 ## - PUBLICATION, DISTRIBUTION, ETC.
Place of publication, distribution, etc. Accra, Osu,
Name of publisher, distributor, etc. Parliament of Ghana.
Date of publication, distribution, etc. 2024
300 ## - PHYSICAL DESCRIPTION
Extent 89p:
650 ## - SUBJECT ADDED ENTRY--TOPICAL TERM
Source of heading or term His Excellency The President's Nominations For Appointments As Ministers And Regional Ministers 2025; Andrews Kofi Egyapa Mercer, Lydia Seyram Alhassan, Martin Adjei-Mensah Korsah, Ophelia Mensah Hayford, Dakoa Newman, Bernard Okoe Boye, Daniel Nii Kwartei Titus-Glover, Fatimatu Abubakar, Daniel Machator
942 ## - ADDED ENTRY ELEMENTS (KOHA)
Source of classification or shelving scheme Dewey Decimal Classification
Koha item type Committee Reports
Suppress in OPAC No
Holdings
Withdrawn status Lost status Source of classification or shelving scheme Damaged status Not for loan Home library Current library Shelving location Date acquired Total checkouts Full call number Date last seen Copy number Price effective from Koha item type
    Dewey Decimal Classification     Main Library Main Library Open Shelves 07/02/2025   CR/MRM/24 Acc No. 10,847 C1 07/02/2025 1 07/02/2025 Committee Reports
    Dewey Decimal Classification     Main Library Main Library Open Shelves 07/02/2025   CR/MRM/24 Acc No. 10,848 C2 07/02/2025 2 07/02/2025 Committee Reports
©2026  Parliament of Ghana Library - All rights reserved